000 00811nam a22002177a 4500
001 74559
003 BD-RjUL
005 20211209082553.0
008 181025s1979 bg ||||| |||| 00| 0 eng d
035 _a(BD-RjUL)74777
040 _aBD-RjUL
_bben
_cBD-RjUL
041 _aben
082 _a891.44109
_bSAK 1979
100 _aসৈয়দ, আবদুল মান্নান.
_9224214
245 _aকরতলে মহাদেশ /
_cআবদুল মান্নান সৈয়দ
260 _aঢাকা :
_bনলেজ হোম,
_c১৯৭৯
300 _a২৩৪,৬ পৃ. ;
_c২৪ সেমি.
650 _aবাংলা কবিতা
_xইতিহাস ও সমালোচনা
_9224215
650 _aBengali Poems
_xHistory and Criticism
_9224216
942 _2ddc
_cBK
999 _c74559
_d74559